000 01083nam a22002897a 4500
999 _c19360
_d19360
003 AR-CdUCM
008 190517b ||||| |||| 00| 0 spa d
020 _a968-13-0346-6
040 _aMUNICIPALIDAD PROVINCIAL DEL CUSCO
_cBIBLIOTECA MUNICIPAL DEL CUSCO
082 _a616.8527 /
_bL93
100 _aLowen, Alexander
_940654
245 _aBioenergetica /
260 _aMéxico :
_bDIana,
_c1977.
300 _a339 paginas ;
_bIlustraciones,
_c22 cm.
500 _aTitulo original : Bioenergetics
505 _aContenido : De Reich a la bioenergética -- El concepto de energía -- El lenguaje del cuerpo -- La terapia del cuerpo -- La terapia bioenergética -- El placer...
650 _aEjercicio bioenergético
_940655
650 _aDepresión mental
_940656
650 _aAspectos genéticos
_940657
650 _aDepresión mental
_940656
650 _aTratamiento.
_920821
650 _aLenguaje del cuerpo
_940658
650 _aEsencia de la terapia
_940659
700 _aMateo, Andrés Ma. (Traducción)
_940660
942 _2ddc
_cLIBROS
945 _awnts
_d2019-05-17